1M+ Cities in each continent by extremes of longitude and latitude - Statistics

General Stats
  • This quiz has been taken 20 times
  • The average score is 17 of 24
Answer Stats
Continent Direction City % Correct
Africa North Tunis
100%
Oceania East Auckland
88%
Oceania North Brisbane
88%
Africa West Dakar
88%
Europe West Lisbon
88%
Oceania South Melbourne
88%
Oceania West Perth
88%
North America West Vancouver
88%
Europe North Helsinki
81%
North America South Panama City
81%
North America North Edmonton
75%
Asia West Izmir
75%
Africa East Antananarivo
63%
South America North Barranquilla
63%
Asia South Denpasar
63%
Asia North Yekaterinburg
63%
South America West Guayaquil
63%
Europe South Malaga
63%
Africa South Port Elizabeth
63%
Asia East Sapporo
63%
Europe East Perm
56%
South America South Montevideo
50%
North America East San Juan
44%
South America East Joao Pessoa
19%
No matching quizzes found
Score Distribution
Percent of People with Each Score
Percentile by Number Answered
Your Score History
You have not taken this quiz